| 000 | 00339nam a22001337a 4500 | ||
|---|---|---|---|
| 003 | SGT | ||
| 082 |
_a617.63 _bL24Y |
||
| 100 | _aYadav, Preetika | ||
| 245 | _aLaser Biostimulation in Oro-facial diseases | ||
| 260 |
_aGurugram, Haryana _bSGT University _c2024 |
||
| 300 | _a89 | ||
| 650 | _aOral & Maxillofacial Radiology | ||
| 942 |
_2ddc _cTH |
||
| 999 |
_c30385 _d30385 |
||